| 000 | 00385nam a2200145Ia 4500 | ||
|---|---|---|---|
| 003 | OSt | ||
| 005 | 20240311155624.0 | ||
| 008 | 170523s9999 xx 000 0 und d | ||
| 020 | _a9788180140679. | ||
| 040 | _cIIMT UNIVERSITY | ||
| 100 | _aSharma/ Yesh | ||
| 245 | 0 | _aElectrical & Electronics Engineering Materials (Hindi) | |
| 260 | _aNav Bharat Prakashan- Meerut | ||
| 942 |
_2ddc _c02 |
||
| 999 |
_c11760 _d11760 |
||